[Event "Ch Moscow (1/2 final) (open)"]
[Site "masterchessopen.com - Moscow (Russia)"]
[Round "3"]
[White "Mozharov Mikhail (RUS)"]
[Black "Chudinovskikh Alexander M (RUS)"]
[Result "1-0"]
[WhiteElo "2424"]
[BlackElo "2389"]

1.d4 Nf6 2.c4 e6 3.Nf3 c5 4.d5 exd5 5.cxd5 d6 6.Nc3 g6 7.e4 Bg7 8.Be2 O-O
9.O-O Re8 10.Nd2 Nbd7 11.a4 a6 12.Qc2 Rb8 13.Ra3 Qc7 14.a5 b5 15.axb6 Rxb6
16.Nc4 Rb4 17.Bf4 Bf8 18.Bg3 Nb6 19.Nd2 c4 20.Na2 Rb5 21.Nc3 Rb4 22.Na2 Rb5
23.Bf3 Nfd7 24.b4 Bg7 25.Rb1 Ne5 26.Be2 f5 27.Nc3 fxe4 28.Ndxe4 Bb7 29.Nxb5
axb5 30.Nc3 Nxd5 31.Bxe5 Rxe5 32.Nxb5 Qe7 33.Bxc4 Re1+ 34.Rxe1 Qxe1+ 35.Bf1
Nxb4 36.Qc7 Bd5 37.Re3 Qa1 38.Re8+ Bf8 {#r} 1-0

[Event "Ch City (open)"]
[Site "masterchessopen.com - Frankfurt (Germany)"]
[Date "2007.05.07"]
[Round "2"]
[White "Penzel Nils (GER)"]
[Black "Legde Georg (GER)"]
[Result "0-1"]
[WhiteElo "2062"]
[BlackElo "2347"]

1.d4 Nf6 2.Nf3 c5 3.d5 e6 4.c4 d6 5.Nc3 exd5 6.cxd5 g6 7.e4 Bg7 8.Be2 O-O
9.O-O Re8 10.Nd2 Nbd7 11.Re1 a6 12.a4 Rb8 13.Bf1 Nh5 14.g3 Nhf6 15.Nc4 Ne5
16.Nxe5 Rxe5 17.f4 Re8 18.e5 dxe5 19.fxe5 Ng4 20.e6 Bd4+ 21.Kg2 Nf6 22.Bf4 Ra8
23.Bc4 b6 24.Qf3 Ra7 25.Bb8 Rb7 26.Bc7 Rxc7 27.d6 fxe6 28.dxc7 Qxc7 29.Qe2
Qc6+ 30.Ne4 Bb7 31.Bd3 c4 32.Bc2 Nd5 33.Qd2 Bxb2 34.Rad1 Bg7 35.Bb1 c3 {#R}
0-1

[Event "Memorial R.Nezhmetdinov (open)"]
[Site "masterchessopen.com - Kazan (Russia)"]
[Date "2007.06.02"]
[Round "2"]
[White "Zakhartsov Viacheslav V (RUS)"]
[Black "Novgorodskij Vladimir (RUS)"]
[Result "1-0"]
[WhiteElo "2565"]
[BlackElo "2380"]

1.d4 Nf6 2.Nf3 c5 3.d5 e6 4.c4 exd5 5.cxd5 d6 6.Nc3 g6 7.Nd2 Bg7 8.e4 O-O
9.Be2 Re8 10.O-O Nbd7 11.a4 Ne5 12.Qc2 Qe7 13.Rb1 g5 14.b4 b6 15.bxc5 bxc5
16.Re1 h6 17.Nf1 Nh7 18.Ng3 a6 19.Nd1 Ng6 20.Ne3 Nh4 21.Nc4 Ra7 22.Rb6 Be5
23.Nxe5 Qxe5 24.Bb2 Qe7 25.e5 dxe5 26.Rxh6 Nf8 27.Bd3 Nhg6 28.Bxg6 {#r} 1-0

[Event "Ch Portugal (team) (1 div)"]
[Site "masterchessopen.com - Evora (Portugal)"]
[Round "0"]
[White "Postny Evgeny (ISR)"]
[Black "Hoffman Alejandro (ARG)"]
[Result "1-0"]
[WhiteElo "2598"]
[BlackElo "2444"]

1.d4 Nf6 2.c4 c5 3.d5 e6 4.Nc3 exd5 5.cxd5 d6 6.Nf3 g6 7.Nd2 Bg7 8.e4 O-O
9.Be2 Re8 10.O-O Nbd7 11.a4 Ne5 12.Re1 g5 13.Nf1 h6 14.Qc2 Ng6 15.Ng3 a6
16.Nd1 Rb8 17.Ne3 b5 18.axb5 axb5 19.Bd2 Bd7 20.Ra6 Bf8 21.Rea1 Nf4 22.Bf1
N4h5 23.Nxh5 Nxh5 24.b4 Rc8 25.bxc5 Rxc5 26.Qb1 Nf6 27.f3 g4 28.Bb4 gxf3
29.gxf3 Nh5 30.Bxc5 dxc5 31.Kh1 Qh4 32.Qe1 Qf4 33.Ng2 Qe5 34.Ra8 Bd6 35.Qh4
Kh7 36.R8a7 Nf6 37.f4 Qd4 38.e5 Ne4 39.R7a2 Be7 40.Qe1 Qxd5 41.Rd1 Qxa2
42.Qxe4+ Kg8 43.Rxd7 c4 44.Ne3 Bc5 45.Ng4 {#r} 1-0

[Event "Memorial Izmailov (open)"]
[Site "masterchessopen.com - Tomsk (Russia)"]
[Round "0"]
[White "Temirbaev Serik (KAZ)"]
[Black "Shkurikhin Ilia (RUS)"]
[Result "0-1"]
[WhiteElo "2484"]
[BlackElo "2371"]

1.d4 Nf6 2.c4 e6 3.Nf3 c5 4.d5 exd5 5.cxd5 d6 6.Nc3 g6 7.e4 Bg7 8.Be2 O-O
9.O-O Re8 10.Nd2 a6 11.a4 Nbd7 12.Qc2 Ne5 13.Ra3 Nh5 14.Bxh5 gxh5 15.Nd1 Bd7
16.Ne3 b5 17.Nf5 Bxf5 18.exf5 c4 19.Rh3 Nd3 20.Nf3 Qf6 21.Rxh5 Rac8 22.axb5
axb5 23.g4 b4 24.h3 b3 25.Qd2 Nxc1 26.Qxc1 c3 27.bxc3 Qxc3 28.Qd1 b2 29.f6
Bxf6 30.Rf5 Bg7 31.Rf4 Qc1 32.Rb4 Qxd1 33.Rxd1 Rc1 34.Rf1 Rec8 35.Nd2 Bc3
36.Rb3 Bxd2 37.Rxb2 Bf4 38.Rb4 R8c4 {#R} 0-1

[Event "It (open)"]
[Site "masterchessopen.com - Ourense (Spain)"]
[Date "2007.07.07"]
[Round "3"]
[White "Rodriguez Lopez Rafael (ESP)"]
[Black "Alonso Macias Victor (ESP)"]
[Result "1-0"]
[WhiteElo "2281"]
[BlackElo "1964"]

1.d4 Nf6 2.Nf3 c5 3.d5 g6 4.c4 e6 5.Nc3 exd5 6.cxd5 d6 7.Nd2 Bg7 8.e4 O-O
9.Be2 Re8 10.O-O Nbd7 11.a4 b6 12.Kh1 Ne5 13.Ra3 Nfg4 14.h3 Qh4 15.Kg1 f5
16.hxg4 fxg4 17.Nb5 Qe7 18.a5 Ba6 19.axb6 axb6 20.Qb3 Bxb5 21.Bxb5 Rxa3
22.bxa3 Rf8 23.Be2 h5 24.Nc4 Nxc4 25.Qxc4 Bd4 26.Qd3 Rxf2 27.Rxf2 Qh4 28.g3
Qh3 29.Bf1 {#r} 1-0

[Event "Ch Slovakia (open)"]
[Site "masterchessopen.com - Banska Stiavnica (Slovakia)"]
[Date "2007.07.08"]
[Round "2"]
[White "Ruckschloss Karol (SVK)"]
[Black "Lukac Roman (SVK)"]
[Result "1-0"]
[WhiteElo "2281"]
[BlackElo "2123"]

1.c4 Nf6 2.d4 c5 3.d5 e6 4.Nc3 exd5 5.cxd5 d6 6.e4 g6 7.Nf3 Bg7 8.Be2 O-O
9.O-O Re8 10.Nd2 b6 11.a4 Ba6 12.Re1 Bxe2 13.Qxe2 Nbd7 14.Nc4 Ne5 15.Nxe5 dxe5
16.a5 Rf8 17.Qb5 Rb8 18.axb6 axb6 19.b4 Qd7 20.bxc5 Qxb5 21.Nxb5 bxc5 22.Na7
Rb7 23.Nc6 Nd7 24.f3 f5 25.Re2 Nf6 26.Bg5 Re8 27.Rc1 Nd7 28.exf5 Kf7 29.Nd8+
Rxd8 30.Bxd8 gxf5 31.Bg5 Rb3 32.Kf1 Kg6 33.Be3 Rd3 34.Bxc5 Bh6 35.Rcc2 Rxd5
36.Be3 f4 37.Red2 Rxd2 38.Rc6+ Nf6 39.Bxd2 Kf5 40.g4+ Kg6 41.h4 {#r} 1-0

[Event "Ch RLP"]
[Site "masterchessopen.com - Ludwigshafen (Germany)"]
[Date "2007.07.15"]
[Round "3"]
[White "Hoegerl Gerd (GER)"]
[Black "Bruch Jochen (GER)"]
[Result "1-0"]
[WhiteElo "2214"]
[BlackElo "2199"]

1.d4 Nf6 2.c4 c5 3.d5 e6 4.Nc3 exd5 5.cxd5 d6 6.e4 g6 7.Be2 Bg7 8.Nf3 O-O
9.O-O Re8 10.Nd2 a6 11.a4 Nbd7 12.Qc2 Qc7 13.h3 b6 14.Nc4 Ne5 15.Na3 Rb8
16.Re1 Re7 17.Be3 Ne8 18.f4 Nd7 19.Bf2 Bd4 20.Bd3 Ng7 21.Bxd4 cxd4 22.Ne2 Qc5
23.Qd2 a5 24.Nb5 Bb7 25.Nexd4 f5 26.Rac1 Qb4 27.Qxb4 axb4 28.Nc6 Bxc6 29.dxc6
Nc5 30.Bc4+ Kf8 31.exf5 Nxf5 32.Rxe7 Nxe7 33.c7 Rc8 34.Rd1 d5 35.Bxd5 Nxd5
36.Rxd5 Ke7 37.a5 Nd7 38.Rxd7+ Kxd7 39.axb6 {#r} 1-0

[Event "Memorial Lichtenstein (cat.8)"]
[Site "masterchessopen.com - Elkana (Israel)"]
[Date "2007.07.19"]
[Round "5"]
[White "Bykhovsky Anatoly (ISR)"]
[Black "Nabaty Tamir (ISR)"]
[Result "1-0"]
[WhiteElo "2357"]
[BlackElo "2421"]

1.d4 Nf6 2.Nf3 c5 3.d5 e6 4.c4 d6 5.Nc3 exd5 6.cxd5 g6 7.Nd2 Bg7 8.e4 O-O
9.Be2 Re8 10.O-O Nbd7 11.f4 c4 12.Bxc4 Nc5 13.Bb5 Ng4 14.Nc4 Rxe4 15.Nxe4 Nxe4
16.h3 a6 17.hxg4 axb5 18.Ne3 Qh4 19.Qe1 Ng3 20.Rf3 Qh1+ 21.Kf2 Ne4+ 22.Ke2 Qh2
23.Qb4 Ng3+ 24.Kf2 Ra4 25.Qxb5 Nh1+ 26.Ke2 Re4 27.Kd3 Rd4+ 28.Kc2 Bxg4 29.Qe8+
Bf8 30.Nxg4 Qxg2+ 31.Kc3 Qxg4 32.Kxd4 Qxf3 33.Bd2 Nf2 34.Qe3 Bg7+ 35.Kc4 b5+
36.Kb4 Qxd5 37.Ka5 b4+ 38.Ka6 Ne4 39.Bxb4 Bd4 40.Qc1 Bc5 41.a3 Qc6+ 42.Ka5
Bb6+ 43.Ka6 Nc5+ 44.Bxc5 dxc5 45.Qh1 Bc7+ 46.Qxc6 {#r} 1-0

[Event "It (open)"]
[Site "masterchessopen.com - Ceska Trebova (Czech Republic)"]
[Date "2007.08.15"]
[Round "7"]
[White "Molnar Peter (SVK)"]
[Black "Holasek Pavel (CZE)"]
[Result "1-0"]
[WhiteElo "2257"]
[BlackElo "2099"]

1.d4 Nf6 2.c4 e6 3.Nf3 c5 4.d5 exd5 5.cxd5 d6 6.Nc3 g6 7.Nd2 Bg7 8.e4 O-O
9.Be2 Re8 10.O-O b6 11.f3 Nh5 12.Nc4 Ba6 13.g4 Nf6 14.Bf4 Bxc4 15.Bxc4 a6
16.a4 Qe7 17.Re1 Nfd7 18.Qd2 Ne5 19.Be2 Nbd7 20.Kg2 f6 21.h4 Nf7 22.Bg3 Bh6
23.Qc2 Kh8 24.Bf1 Nde5 25.Qd1 Qd7 26.Rb1 f5 27.g5 Bg7 28.exf5 gxf5 29.f4 Ng4
30.Qf3 Bd4 31.Re6 Nd8 32.Rxe8+ Qxe8 33.Re1 Qd7 34.Bd3 c4 35.Bxc4 Nb7 36.Kh3
Re8 37.Rxe8+ Qxe8 38.Bxa6 Nc5 39.Bb5 Qe7 40.b4 Nb3 41.Ne2 Nd2 42.Qd3 Be3
43.Qxf5 Nf2+ 44.Bxf2 Bxf2 45.Qc8+ Kg7 46.Qc3+ {#r} 1-0

[Event "Ch Tatarstan (open)"]
[Site "masterchessopen.com - Kazan (Russia)"]
[Date "2007.08.21"]
[Round "2"]
[White "Sadykov Airat F (RUS)"]
[Black "Sabaev Evgueni (RUS)"]
[Result "0-1"]
[WhiteElo "2132"]
[BlackElo "2237"]

1.d4 e6 2.c4 Nf6 3.Nf3 c5 4.d5 exd5 5.cxd5 d6 6.Nc3 g6 7.e4 Bg7 8.Nd2 O-O
9.Be2 Re8 10.O-O b6 11.a4 Na6 12.Bb5 Re7 13.Bd3 Nb4 14.Bc4 a6 15.h3 Rb8 16.f4
Bd7 17.Re1 b5 18.axb5 axb5 19.Bf1 Nh5 20.Nf3 Ng3 21.Kf2 Nxf1 22.Kxf1 c4 23.e5
Nd3 24.exd6 Qb6 25.Re2 Rxe2 26.Qxe2 Re8 27.Qd2 Qxd6 28.Ra5 b4 29.Na4 Qc7
30.Ra6 Bb5 31.d6 Qd7 32.Nb6 Qxd6 {#R} 0-1

[Event "It (open)"]
[Site "masterchessopen.com - Peiraia (Greece)"]
[Date "2007.09.03"]
[Round "4"]
[White "Litsas Ioannis (GRE)"]
[Black "Fragkou Eleni (GRE)"]
[Result "1-0"]
[WhiteElo "2157"]
[BlackElo "1781"]

1.d4 Nf6 2.c4 c5 3.d5 e6 4.Nc3 exd5 5.cxd5 d6 6.e4 g6 7.Nf3 Bg7 8.Be2 O-O
9.O-O Re8 10.Nd2 a6 11.a4 Nbd7 12.Qc2 Qc7 13.h3 Rb8 14.Re1 Nf8 15.a5 N8d7
16.Nc4 b5 17.axb6 Nxb6 18.Na5 Bd7 19.Bd2 c4 20.Bf3 Rbc8 21.Nc6 Bxc6 22.dxc6
Qxc6 23.e5 Nfd5 24.Nxd5 Nxd5 25.Ra5 Nb4 26.Bxb4 Qb6 27.Bc3 Bxe5 28.Raxe5 dxe5
29.Rxe5 Rxe5 30.Bxe5 Qa5 31.Bc3 Qc7 32.Qd2 Rd8 33.Qg5 Qd6 34.h4 Rd7 35.h5 Qe7
36.Qh6 Qf8 37.Qf4 Qd6 38.Qxc4 Rc7 39.Qe4 Rc8 40.hxg6 fxg6 41.Qb7 Qc7 42.Qxa6
{#r} 1-0

[Event "Ch Europe (juniors) (under 16)"]
[Site "masterchessopen.com - Sibenik (Croatia)"]
[Date "2007.09.19"]
[Round "6"]
[White "Klim Kamil (POL)"]
[Black "Silva Miguel Alexandre Gomes (POR)"]
[Result "1-0"]
[WhiteElo "2141"]
[BlackElo "2080"]

1.d4 Nf6 2.c4 c5 3.d5 e6 4.Nc3 exd5 5.cxd5 d6 6.Nf3 g6 7.e4 Bg7 8.Be2 O-O
9.O-O Re8 10.Nd2 a6 11.a4 Nbd7 12.Qc2 Rb8 13.Nc4 Nb6 14.a5 Nxc4 15.Bxc4 Ng4
16.h3 Ne5 17.Be2 g5 18.Nd1 g4 19.hxg4 Nxg4 20.Bxg4 Bxg4 21.f3 Bd7 22.g3 Qf6
23.Bf4 Qg6 24.Qd2 f5 25.exf5 Bxf5 26.Ne3 Bd4 27.Kg2 Bd7 28.Rae1 b5 29.Rh1 Rf8
30.Rh6 Qg7 31.Ng4 Bxg4 32.fxg4 Rbd8 33.Rh5 Rf6 34.Re6 Rxe6 35.dxe6 Bf6 36.Rf5
Qe7 37.Bg5 Rf8 38.Bxf6 Rxf6 39.Qg5+ {#r} 1-0

[Event "Ch Region"]
[Site "masterchessopen.com - Dnepropetrovsk (Ukraine)"]
[Round "9"]
[White "Bendersky Valery (UKR)"]
[Black "Kononenko Dmitro (UKR)"]
[Result "0-1"]
[WhiteElo "2113"]
[BlackElo "2169"]

1.d4 Nf6 2.c4 c5 3.d5 e6 4.Nc3 exd5 5.cxd5 d6 6.Nf3 g6 7.Nd2 Bg7 8.e4 O-O
9.Be2 Re8 10.O-O Nbd7 11.a4 Ne5 12.Ra3 g5 13.Re1 Ng6 14.Bb5 Rf8 15.Nf1 Ng4
16.Be2 Nh6 17.Ng3 f5 18.exf5 Nxf5 19.Nce4 h6 20.Nxf5 Bxf5 21.Ng3 Bd4 22.Be3
Bxe3 23.Rxe3 Qf6 24.Qd2 Qd4 25.Qc1 Ne5 26.b3 Bg6 27.Rd1 Qf4 28.Rf1 Rf6 29.Bh5
Bd3 30.Be2 Bg6 31.Bh5 Raf8 32.Bxg6 Rxg6 33.Re4 Qxc1 34.Rxc1 Nd3 35.Rc2 g4
36.Re7 Rf7 37.Rxf7 Kxf7 38.Ne4 Ke7 39.Re2 Kd7 40.g3 Nb4 41.Rd2 Rg7 42.Kg2 Rf7
43.h3 gxh3+ 44.Kxh3 Rf3 45.Kg4 Rxb3 46.f4 c4 47.Rd4 Nc2 48.Rd2 Ne3+ 49.Kh5 c3
50.Nxc3 Rxc3 51.g4 Rc1 {#R} 0-1

[Event "Tournament (open)"]
[Site "masterchessopen.com - Kstovo (Russia)"]
[Round "2"]
[White "Svetlov Dmitry (RUS)"]
[Black "Tkachev Vjacheslav (RUS)"]
[Result "1-0"]
[WhiteElo "2208"]
[BlackElo "2134"]

1.d4 Nf6 2.Nf3 c5 3.d5 e6 4.c4 exd5 5.cxd5 d6 6.Nc3 g6 7.e4 Bg7 8.Be2 O-O
9.O-O Re8 10.Nd2 a6 11.a4 Nbd7 12.Qc2 Nf8 13.Nc4 Re7 14.Bf4 Ne8 15.Bd3 f6
16.h4 h6 17.Bg3 Bg4 18.f3 Bh5 19.Bh2 g5 20.g4 Bf7 21.h5 b6 22.Nd1 Rb7 23.Kg2
f5 24.gxf5 Bxh5 25.Nde3 Bd4 26.Qd2 Nh7 27.f6 Qxf6 28.Nf5 Rd8 29.f4 g4 30.e5
Qf8 31.Ng3 Ng7 32.Qc2 b5 33.Bxh7+ Kh8 34.axb5 Rxb5 35.Rxa6 Rdb8 36.Rxd6 Rxb2
37.Nxb2 Rxb2 38.Rxh6 Nf5 39.Qxb2 Ne3+ 40.Kh1 Bxb2 41.Rxh5 Qa8 42.Be4+ Kg7
43.Re1 Bd4 44.Rxe3 Qa1+ 45.Bg1 Bxe3 46.Nf5+ Kf7 47.Nxe3 Qa4 48.e6+ Kf8 49.Re5
Kg7 50.e7 {#r} 1-0

[Event "Ch World (juniors) (under 16) (g)"]
[Site "masterchessopen.com - Kemer (Turkey)"]
[Date "2007.11.22"]
[Round "5"]
[White "Nakhbayeva Guliskhan (KAZ)"]
[Black "Ton Nu Hong An (VIE)"]
[Result "0-1"]
[WhiteElo "2024"]
[BlackElo "2142"]

1.d4 Nf6 2.c4 e6 3.Nc3 c5 4.d5 exd5 5.cxd5 d6 6.e4 g6 7.Be2 Bg7 8.Nf3 O-O
9.O-O Re8 10.Nd2 a6 11.a4 Nbd7 12.Qc2 Qe7 13.f3 Ne5 14.a5 Nh5 15.Nc4 Nxc4
16.Bxc4 Bd4+ 17.Kh1 Qh4 18.Ne2 Be5 19.f4 Bg7 20.Bd2 Bg4 21.Ra3 Rab8 22.Rb3 Bd7
23.Re3 Bd4 24.Nxd4 cxd4 25.Ra3 Nf6 26.Be1 Qh6 27.e5 Bf5 28.Qd2 Ng4 29.Rh3 Qg7
30.Qxd4 dxe5 31.fxe5 Qxe5 32.Bc3 Qxd4 33.Bxd4 Re4 34.Rd3 Rbe8 35.h3 Ne3
36.Rxe3 Rxe3 37.Bxe3 Rxe3 38.Rd1 Kf8 39.Kg1 f6 40.d6 Ke8 41.Bd5 Rd3 42.Re1+
Kd7 43.Bxb7 Rxd6 44.Rc1 Bd3 45.Kf2 Bb5 46.Rc2 Rd4 47.b3 Rd3 48.Rb2 Kd6 49.b4
Rd4 50.Ke3 Ke5 51.Rb3 f5 52.Kf3 Rd7 53.Bc8 Rc7 54.Re3+ Kd4 55.Be6 Bc6+ 56.Kf2
Bxg2 57.Rb3 Rc2+ 58.Kg3 Bc6 59.Bg8 h6 60.Kf4 Be4 61.h4 g5+ 62.hxg5 hxg5+
63.Kg3 Rc3+ {#R} 0-1

[Event "It (open)"]
[Site "masterchessopen.com - Torquay (England)"]
[Date "2007.11.23"]
[Round "1"]
[White "Mackle Dominic"]
[Black "Beveridge Nigel (ENG)"]
[Result "1-0"]
[WhiteElo "2104"]
[BlackElo "2013"]

1.d4 Nf6 2.Nf3 c5 3.d5 e6 4.c4 exd5 5.cxd5 d6 6.Nc3 g6 7.e4 Bg7 8.Be2 O-O
9.O-O Re8 10.Nd2 a6 11.a4 Nbd7 12.h3 Qc7 13.f4 Rb8 14.a5 b5 15.axb6 Rxb6
16.Bd3 h5 17.Qf3 Nh7 18.Bc2 c4 19.Kh1 Rb4 20.e5 dxe5 21.f5 gxf5 22.Bxf5 Nhf6
23.Nde4 Nxe4 24.Nxe4 Nc5 25.Nxc5 Qxc5 26.Bxc8 Qxc8 27.Qxf7+ Kh8 28.Qxh5+ Kg8
29.Qf7+ {#r} 1-0

[Event "Bundesliga 2007/08"]
[Site "masterchessopen.com - Germany"]
[Date "2007.11.25"]
[Round "4"]
[White "Hertneck Gerald (GER)"]
[Black "Straeter Timo (GER)"]
[Result "1-0"]
[WhiteElo "2508"]
[BlackElo "2325"]

1.d4 Nf6 2.Nf3 g6 3.c4 Bg7 4.Nc3 O-O 5.e4 d6 6.Be2 c5 7.d5 e6 8.O-O exd5
9.cxd5 Re8 10.Nd2 a6 11.a4 Nbd7 12.Re1 h6 13.Bf1 g5 14.Nc4 Nf8 15.Qb3 Ng6
16.Qb6 Qxb6 17.Nxb6 Rb8 18.Bd2 Ne5 19.a5 Nfd7 20.Nca4 Nxb6 21.Nxb6 Bd7 22.b4
Bb5 23.bxc5 Bxf1 24.Rxf1 dxc5 25.Ra3 Rbd8 26.f3 Nd7 27.Nc4 Ne5 28.Ne3 c4
29.Rb1 Rd7 30.Kf1 Rc8 31.Bc3 Rc5 32.Rb6 Rb5 33.Nf5 Rxb6 34.axb6 Bh8 35.Ra4 Kh7
36.Bxe5 Bxe5 37.Rxc4 Kg6 38.Rc8 h5 39.Rg8+ Kh7 40.Rxg5 f6 41.Rxh5+ Kg8 42.Ke2
a5 43.Kd3 Rd8 44.Kc4 a4 45.Kb4 Ra8 46.Ka3 Bf4 47.d6 Bc1+ 48.Ka2 Ra6 49.d7 Ra8
50.Ne7+ {#r} 1-0

[Event "Cup Belgrade (open)"]
[Site "masterchessopen.com - Obrenovac (Yugoslavia)"]
[Date "2007.11.28"]
[Round "7"]
[White "Nikolic Branisalv S (SER)"]
[Black "Brakus Dragan (SRB)"]
[Result "1-0"]
[WhiteElo "2135"]
[BlackElo "2010"]

1.d4 Nf6 2.Nf3 e6 3.c4 c5 4.d5 exd5 5.cxd5 d6 6.Nc3 g6 7.e4 Bg7 8.Be2 O-O
9.O-O Re8 10.Nd2 a6 11.a4 Qc7 12.Qc2 Bg4 13.Bd3 Bc8 14.Nc4 Nfd7 15.f4 b6
16.Bd2 Ra7 17.Rae1 Rb7 18.Na3 Qd8 19.Ne2 Nf6 20.Bc3 Ng4 21.Bxg7 Kxg7 22.Nc3
Rbe7 23.h3 Nh6 24.Nc4 f6 25.Qf2 Nf7 26.e5 dxe5 27.fxe5 Rxe5 28.Nxe5 Nxe5
29.Bb1 Nbd7 30.Ne4 a5 31.Nd6 Ba6 32.Nxe8+ Qxe8 33.Qd2 Bxf1 34.Kxf1 Qb8 35.d6
Qa8 36.Be4 Qa6+ 37.Kg1 Qc4 38.Bc2 h5 39.Re4 Qa2 40.b3 Qa1+ 41.Kh2 Qb2 42.Qd1
Qc3 43.Bb1 f5 44.Rf4 Qe3 45.Rf1 Kf6 46.Qd5 Qd4 47.Qxd4 cxd4 48.Rd1 Nc6 49.Bd3
Ke6 50.Bb5 Nde5 51.d7 Kxd7 52.Rxd4+ Ke6 53.Rd1 h4 54.Kg1 g5 55.Kf2 f4 56.Ke2
Ne7 57.Rd8 Nf5 58.Rb8 Ng3+ 59.Kf2 Ne4+ 60.Kg1 {#r} 1-0

[Event "It (cat.6)"]
[Site "masterchessopen.com - Pamplona (Spain)"]
[Date "2007.12.07"]
[Round "8"]
[White "Fayard Alain (FRA)"]
[Black "Burguete Archel Eduardo (ESP)"]
[Result "1-0"]
[WhiteElo "2360"]
[BlackElo "2187"]

1.d4 Nf6 2.c4 e6 3.Nc3 c5 4.d5 exd5 5.cxd5 d6 6.Nf3 g6 7.Nd2 Bg7 8.e4 O-O
9.Be2 Re8 10.O-O a6 11.a4 Nbd7 12.Qc2 Qe7 13.f4 Rb8 14.Kh1 h5 15.a5 Ng4 16.Nd1
Bd4 17.Ra3 Ndf6 18.h3 Nxd5 19.hxg4 hxg4 20.g3 Kg7 21.Ra4 Nb4 22.Rxb4 cxb4
23.Qd3 Ba7 24.b3 Qd8 25.Bb2+ f6 26.Kg2 Be6 27.Ne3 Qxa5 28.Nxg4 Bxg4 29.Bxg4
Rbd8 30.Nf3 Qc5 31.Bd4 {#r} 1-0

[Event "Ch Paranaense"]
[Site "masterchessopen.com - Foz do Iguacu (Brazil)"]
[Date "2008.01.25"]
[Round "5"]
[White "Araujo Rafael Moreira (BRA)"]
[Black "Monteiro Artur Fernando (BRA)"]
[Result "1-0"]
[WhiteElo "2209"]
[BlackElo "2093"]

1.d4 Nf6 2.c4 c5 3.d5 e6 4.Nc3 exd5 5.cxd5 d6 6.e4 g6 7.Nf3 Bg7 8.Be2 O-O
9.O-O Re8 10.Nd2 Nbd7 11.a4 a6 12.Qc2 Nh5 13.Bxh5 gxh5 14.Nd1 Ne5 15.Ne3 Kh8
16.Ndc4 b6 17.Bd2 Rb8 18.f4 Ng4 19.Nxg4 hxg4 20.Bc3 b5 21.axb5 axb5 22.Na5 Bd7
23.Bxg7+ Kxg7 24.e5 dxe5 25.fxe5 Rxe5 26.Nc6 Bxc6 27.Rxf7+ Kxf7 28.Qxh7+ Ke8
29.Qh8+ Kd7 30.Qxe5 Bb7 31.Ra6 Qf8 32.Rf6 Qxf6 33.Qxf6 Bxd5 34.Qe5 {#r} 1-0

[Event "It (open) (b)"]
[Site "masterchessopen.com - Moscow (Russia)"]
[Date "2008.02.06"]
[Round "5"]
[White "Volkov Evgeny (RUS)"]
[Black "Derbenev Andrey (RUS)"]
[Result "0-1"]
[WhiteElo "2212"]
[BlackElo "2399"]

1.d4 e6 2.c4 Nf6 3.Nc3 c5 4.d5 exd5 5.cxd5 d6 6.Nf3 g6 7.Nd2 Bg7 8.e4 O-O
9.Be2 Re8 10.O-O Nbd7 11.Qc2 a6 12.a4 Qc7 13.Ra3 Rb8 14.Re1 g5 15.a5 h6 16.Nd1
Qd8 17.Ne3 Ne5 18.Bf1 Ng6 19.g3 g4 20.Nec4 Nxd5 21.Qd3 Bd4 22.Nb3 Nb4 23.Qd2
d5 24.exd5 Rxe1 25.Qxe1 Nc2 26.Qe4 Nxa3 27.bxa3 Bg7 28.Nxc5 Qf8 29.d6 Qd8
30.Qd5 Bd7 31.Nxd7 Qxd7 32.Nb6 Qe6 33.Qxe6 fxe6 34.d7 Bc3 35.Nc4 Rd8 36.Bxh6
Rxd7 37.h3 gxh3 38.Bxh3 Kf7 39.Be3 Ne5 40.Nxe5+ Bxe5 41.Bb6 Bc7 42.Bg2 {#R}
0-1

[Event "Tournament (open)"]
[Site "masterchessopen.com - Rio de Janeiro (Brazil)"]
[Date "2008.02.16"]
[Round "1"]
[White "Maia Marco Aurelio Ferreira (BRA)"]
[Black "Carvalho Renato Luiz (BRA)"]
[Result "0-1"]
[WhiteElo "2113"]
[BlackElo "2096"]

1.d4 Nf6 2.c4 e6 3.Nc3 c5 4.d5 exd5 5.cxd5 d6 6.Nf3 g6 7.e4 Bg7 8.Be2 O-O
9.O-O Re8 10.Nd2 a6 11.a4 Nbd7 12.Qc2 Qc7 13.Nc4 Nb6 14.Bf4 Nxc4 15.Bxc4 Kh8
16.Kh1 Nh5 17.Bg5 f5 18.exf5 Bxf5 19.Qd2 Qf7 20.Rfe1 Rxe1+ 21.Rxe1 Re8 22.f3
Bd7 23.a5 Nf6 24.Rxe8+ Qxe8 25.Bxf6 Bxf6 26.Ne4 Qe5 27.Qh6 Kg8 28.Nxf6+ Qxf6
29.Qd2 Qd4 30.Qxd4 cxd4 31.Kg1 h5 32.f4 Kf7 33.Kf2 Kf6 34.Kf3 Bf5 35.h3 Bc2
36.g4 hxg4+ 37.hxg4 g5 38.b4 d3 39.fxg5+ Kxg5 40.Ke3 Kxg4 41.b5 axb5 42.Bxb5
d2 43.Kxd2 Bb3 44.Bc6 bxc6 45.dxc6 Bd5 46.c7 Bb7 47.Kc3 Kf5 48.Kc4 Ke6 49.Kb5
Kd7 50.Kb6 Kc8 51.a6 Bf3 52.Ka7 {#R} 0-1